| 000 | 00511nam a2200169 i 4500 | ||
|---|---|---|---|
| 001 | 164736 | ||
| 003 | ES-MaACL | ||
| 005 | 20230906213007.0 | ||
| 008 | 931025s1882 sp |||| | spa d | ||
| 100 | 1 |
_aSantamaria, Braulio. _9132426 |
|
| 245 | 1 | 0 |
_aHuelva y la Rábida / _cpor Braulio Santamaria. |
| 250 | _a3\pa\s ed. corr. y aum. | ||
| 260 |
_aMadrid : _bEdit. Imp. y Libr. de Moya y Plaza, _c1882. |
||
| 300 |
_a345 p. ; _c19 cm. |
||
| 752 |
_aEspaña - _dMadrid |
||
| 852 |
_aES-MaACL _jG-470 _z-- Rust. |
||
| 999 |
_c164736 _d164736 |
||